|
|
|
|
| LEADER |
00000nab a2200000 a 4500 |
| 001 |
vtls000388897 |
| 003 |
SK-MaSNL |
| 005 |
20260426071625.0 |
| 008 |
160202c1990 xo 0 slo |
| 015 |
|
|
|a SNBRB19rr/mm-uuuuu
|
| 035 |
|
|
|a CL0389021
|
| 040 |
|
|
|a SNKBUCL
|b slo
|c SNKBUCL
|e AACR2
|
| 041 |
0 |
|
|a slo
|
| 044 |
|
|
|a xo
|c SK
|
| 080 |
|
|
|a 323.15(437.6=945.11)
|2 1981
|
| 100 |
1 |
|
|a Hosťovecká, Nata,
|d 1954-
|4 aut
|9 5213
|
| 245 |
1 |
0 |
|a Naša rodná uhorčina?
|c Nata Hosťovecká
|
| 650 |
0 |
7 |
|a Maďari v ČSFR
|2 snkbucl
|9 952255
|
| 650 |
0 |
7 |
|a vzťahy národnostné
|2 snkbucl
|9 923221
|
| 651 |
|
7 |
|a Slovensko
|2 snkbucl
|9 14231
|
| 655 |
|
7 |
|a články z novín a časopisov
|2 snkbucl
|9 267496
|
| 773 |
0 |
|
|t Slovenské národné noviny
|g Č. 1 (1990), s. 7
|
| 850 |
|
|
|a Slovenská národná knižnica v Martine
|a MTA001
|
| 852 |
|
|
|a SNK
|b KIS3GCP
|
| 958 |
|
|
|a RK
|
| 958 |
|
|
|a HU
|
| 992 |
|
|
|a RBX
|
| 999 |
|
|
|c 2680356
|d 2682286
|